000 00392nam a2200133Ia 4500
008 220204s9999 xx 000 0 und d
020 _a9843115481
082 _a632.913.1
_bGOR
100 _aGoraya, Muhanned Munir
245 0 _aQuarantine and phytosanitary laws of SAARC member countries
260 _aBangladesh
_bSAARC Agricultural Information Centre(SAIC
490 _a2001
942 _cBK
999 _c44003
_d44003